Arctic Monkeys Fluorescent Adolescent Lyrics - Statistics

General Stats
  • This quiz has been taken 2,450 times
  • The average score is 235 of 307
Answer Stats
Hint Answer % Correct
| 1 you
99%
a
98%
to
97%
get
96%
in
96%
it
96%
the
96%
your
96%
now
95%
used
95%
ever
94%
be
93%
fishnets
93%
only
93%
nightdress
92%
best
90%
had
90%
boys
89%
boy's
89%
just
89%
all
88%
is
87%
when
87%
dream
86%
memory
86%
as
85%
oh
85%
seem
85%
slag
85%
and
84%
for
84%
they
83%
common
82%
crisis
82%
those
82%
go
81%
very
81%
black
80%
niceness
80%
not
80%
remember
80%
hole
79%
dreams
78%
of
77%
love
76%
were
76%
naughty
75%
or
75%
everything
74%
my
74%
that
74%
them
74%
electric
73%
landed
73%
rascal
73%
daft
71%
nights
71%
order
70%
she
70%
but
69%
sex
69%
book
68%
tips
68%
little
66%
bloody
65%
through
65%
where
65%
did
64%
discarded
64%
everything's
64%
forget
63%
up
63%
flicking
62%
he
62%
mary's
60%
was
60%
lacking
59%
sentimental
59%
still
59%
tabasco
59%
though
59%
went
59%
nothing
58%
past
58%
gonna
56%
rather
56%
pencil
55%
pretty
54%
going
53%
said
53%
seems
53%
gentle
50%
i'm
50%
took
50%
wasn't
50%
you're
50%
lane
49%
last
49%
falling
47%
back
46%
laugh
46%
again
45%
guessing
45%
coming
44%
left
44%
she's
44%
about
43%
clinging
43%
getting
43%
out
43%
she'd
43%
her
40%
betting
39%
off
39%
weren't
37%
gentlemen
36%
likes
34%
sounded
16%
tells
13%
with
8%
mega-dobber
5%
started
2%
whoa
2%
No matching quizzes found
Score Distribution
Percent of People with Each Score
Percentile by Number Answered
Your Score History
You have not taken this quiz